[Event "DEM U12/U12w 2004"]
[Site "Willingen GER"]
[Date "2004.05.31"]
[Round "3"]
[White "Vollmer, Jürgen"]
[Black "Hohmann, Louisa"]
[Result "1-0"]
[Termination "normal"]
[Board "22"]
[WhiteElo "1571"]
[BlackElo "1339"]
[PlyCount "81"]
[EventCountry "GER"]
[EventRounds "11"]
[EventType "swiss"]
[EventDate "2004.05.29"]

1. d4 Nf6 2. Nf3 g6 3. e3 Bg7 4. Bd3 O-O 5. c4 d6 6. Nc3 Nbd7 7. O-O e5 8. dxe5
dxe5 9. Qc2 Re8 10. e4 Nc5 11. Be2 b6 12. Rd1 Qe7 13. b4 Ncd7 14. a3 Bb7 15.
Bg5 Rac8 16. h3 c5 17. Rab1 h6 18. Bxf6 Nxf6 19. b5 Nh5 20. g3 Qe6 21. Kh2 f5
22. Rd2 Rf8 23. Nh4 fxe4 24. Bxh5 gxh5 25. Nxe4 Rcd8 26. Rxd8 Rxd8 27. Re1 Rd4
28. Nd2 Bf6 29. Qg6+ Kf8 30. Qxh6+ Kg8 31. Nhf3 Qe7 32. Qxh5 e4 33. Nxd4 Bxd4
34. Qg4+ Kf8 35. Nxe4 Qf7 36. Qf4 Qxf4 37. gxf4 Bxe4 38. Rxe4 Bxf2 39. Kg2 Bd4
40. Kf3 Bb2 41. a4 1-0

[Event "DEM U12/U12w 2004"]
[Site "Willingen GER"]
[Date "2004.05.31"]
[Round "3"]
[White "Stognief, Ole"]
[Black "Eibl, Maximilian"]
[Result "0-1"]
[Termination "normal"]
[Board "23"]
[WhiteElo "1292"]
[BlackElo "1548"]
[PlyCount "146"]
[BlackFideId "24620092"]
[EventCountry "GER"]
[EventRounds "11"]
[EventType "swiss"]
[EventDate "2004.05.29"]

1. e4 c5 2. Nf3 d6 3. Bb5+ Nd7 4. d3 a6 5. Bc4 e6 6. Nc3 Be7 7. Be3 Ngf6 8. O-O
b5 9. Bb3 Bb7 10. a3 O-O 11. Re1 Rc8 12. Ba2 Qc7 13. Qd2 Rfd8 14. Bf4 b4 15.
axb4 cxb4 16. Ne2 a5 17. Rac1 Nf8 18. Ng3 Ng6 19. Be3 Ng4 20. Bg5 Bxg5 21. Nxg5
d5 22. exd5 Bxd5 23. Bxd5 Rxd5 24. Nf3 Rc5 25. Re2 Nf6 26. Qd1 Nf4 27. Rd2 e5
28. Ne2 N6d5 29. Nxf4 Nxf4 30. d4 exd4 31. Nxd4 h6 32. Nf3 Ne6 33. Qe2 Rd8 34.
Rxd8+ Qxd8 35. Qd2 Qxd2 36. Nxd2 Nd4 37. Kh1 Rxc2 38. Rxc2 Nxc2 39. Nc4 a4 40.
Kg1 a3 41. bxa3 bxa3 42. Nxa3 Nxa3 43. h4 h5 44. f4 f5 45. g3 Kf7 46. Kf2 Ke6
47. Ke3 Kd5 48. Kd3 Nb5 49. Ke3 Kc4 50. Kf3 Kd3 51. Kf2 Kd2 52. Kf3 Ke1 53. Kg2
Ke2 54. Kg1 Kf3 55. Kh2 Nd4 56. Kh3 Ne2 57. Kh2 Nxg3 58. Kh3 Kxf4 59. Kg2 Kg4
60. Kh2 Kxh4 61. Kg1 Kg4 62. Kh2 f4 63. Kg2 f3+ 64. Kf2 Ne4+ 65. Kf1 Kg3 66.
Kg1 f2+ 67. Kf1 Nd2+ 68. Ke2 Kg2 69. Kxd2 f1=Q 70. Ke3 Qc4 71. Kd2 Kf3 72. Kd1
Ke3 73. Ke1 Qe2# 0-1

[Event "DEM U12/U12w 2004"]
[Site "Willingen GER"]
[Date "2004.05.31"]
[Round "3"]
[White "Penne, Bo"]
[Black "Dinger, Solvejg"]
[Result "0-1"]
[Termination "normal"]
[Board "24"]
[WhiteElo "1532"]
[BlackElo "1329"]
[PlyCount "62"]
[WhiteFideId "24642193"]
[EventCountry "GER"]
[EventRounds "11"]
[EventType "swiss"]
[EventDate "2004.05.29"]

1. e4 e5 2. Nf3 Nf6 3. Nxe5 d6 4. Nf3 Nxe4 5. Bc4 d5 6. Bb3 Be7 7. O-O O-O 8.
Nc3 Bg4 9. Bxd5 Nxc3 10. dxc3 Bc5 11. Bxb7 Nd7 12. Bxa8 Qxa8 13. Re1 f6 14. Be3
Bd6 15. Bd4 c5 16. Be3 Qc6 17. Qd3 Re8 18. Qc4+ Be6 19. Qd3 Bg4 20. Rad1 Bb8
21. Bc1 Ne5 22. Nxe5 Bxe5 23. f3 Bh5 24. Qc4+ Bf7 25. Qh4 Bxa2 26. b3 Bxc3 27.
Rxe8+ Qxe8 28. Qc4+ Kh8 29. Qxc3 Qe7 30. Qxc5 Qxc5+ 31. Kh1 h6 0-1

[Event "DEM U12/U12w 2004"]
[Site "Willingen GER"]
[Date "2004.05.31"]
[Round "3"]
[White "Wolf, Isaak"]
[Black "Colpe, Malte"]
[Result "0-1"]
[Termination "normal"]
[Board "26"]
[WhiteElo "1262"]
[BlackElo "1520"]
[PlyCount "60"]
[BlackFideId "24623075"]
[EventCountry "GER"]
[EventRounds "11"]
[EventType "swiss"]
[EventDate "2004.05.29"]

1. e4 e5 2. Nc3 Nf6 3. f4 d5 4. fxe5 Nxe4 5. d3 Nxc3 6. bxc3 d4 7. Nf3 Nc6 8.
Be2 Bc5 9. O-O dxc3+ 10. Kh1 O-O 11. Qe1 Nd4 12. Qxc3 b6 13. Re1 Bb7 14. Bg5
Qd7 15. Nd2 Nxe2 16. Rxe2 Bd4 17. Qb4 Bxa1 18. Nb3 c5 19. Qf4 Bd4 20. Qg3 Qf5
21. Nd2 Qg6 22. Ne4 h6 23. Bh4 Qxg3 24. Bxg3 Bxe4 25. Rxe4 Rfe8 26. Re1 Re6 27.
h4 Rae8 28. Bf4 Bxe5 29. Bxe5 Rxe5 30. Rxe5 Rxe5 0-1

[Event "DEM U12/U12w 2004"]
[Site "Willingen GER"]
[Date "2004.05.31"]
[Round "3"]
[White "Weber, Raphael"]
[Black "Pfefferkorn, Adrian"]
[Result "1-0"]
[Termination "normal"]
[Board "27"]
[WhiteElo "1471"]
[BlackElo "1285"]
[PlyCount "79"]
[WhiteFideId "24644110"]
[EventCountry "GER"]
[EventRounds "11"]
[EventType "swiss"]
[EventDate "2004.05.29"]

1. e4 c5 2. Nf3 d6 3. d4 cxd4 4. Nxd4 Nf6 5. Nc3 a6 6. f3 e6 7. Be3 b5 8. Qd2
Bb7 9. g4 Nbd7 10. O-O-O b4 11. Nce2 Rb8 12. h4 d5 13. g5 Nh5 14. Bg2 g6 15.
Rhe1 Bg7 16. exd5 Bxd5 17. Kb1 O-O 18. Nb3 Qc7 19. Nf4 Bxb3 20. cxb3 Nxf4 21.
Bxf4 Ne5 22. Qd6 Qa5 23. Rxe5 Bxe5 24. Qxe5 Qxe5 25. Bxe5 Rbd8 26. Rxd8 Rxd8
27. Kc2 Rd5 28. f4 Rd8 29. Bb7 a5 30. Ba6 Rd5 31. Bc4 Rd7 32. Bd3 Kf8 33. Bf6
Kg8 34. Kd2 Rd5 35. Ke3 Kf8 36. Ke4 Rc5 37. Bd4 Rc7 38. Bb6 Rc8 39. Bxa5 Ra8
40. Bxb4+ {hier folgte nun laut Partieformularen Txa2. Vermutlich wurde der
Koenig nach e8 verschoben, da im 45. Zug Kd7 gespielt wurde. Fortsetzung: 40...
Txa2 41.Lc3 Ta7 42.b4 Ta4 43.b3 Ta8 44.b5 Tb8 45.Ld4 Kd7 46.b4 Tb7 47.b6 Kc6
48.b5 Kd7 49.Ke5 Ke8 50.Ld3 Ke7 51.Le4 Tb8 52.b7} 1-0

[Event "DEM U12/U12w 2004"]
[Site "Willingen GER"]
[Date "2004.05.31"]
[Round "3"]
[White "Becher, Anne"]
[Black "Blübaum, Johanna"]
[Result "0-1"]
[Termination "normal"]
[Board "28"]
[WhiteElo "1259"]
[BlackElo "1443"]
[PlyCount "78"]
[BlackFideId "24647373"]
[EventCountry "GER"]
[EventRounds "11"]
[EventType "swiss"]
[EventDate "2004.05.29"]

1. c4 Nf6 2. g3 c5 3. Bg2 e6 4. Nf3 Nc6 5. O-O d5 6. d3 d4 7. Bf4 Bd6 8. Bxd6
Qxd6 9. Nbd2 O-O 10. Rb1 Bd7 11. Ng5 a6 12. Nde4 Qe7 13. Nxf6+ Qxf6 14. Ne4 Qe7
15. e3 Ra7 16. Qd2 f5 17. exd4 fxe4 18. dxc5 Qxc5 19. Bxe4 Nd4 20. b4 Qh5 21.
Qe3 Nf3+ 22. Bxf3 Qxf3 23. Rfe1 Raa8 24. Rb2 Rf6 25. Qxf3 Rxf3 26. Rd2 Kf7 27.
Kg2 Bc6 28. Kh3 Rd8 29. Red1 Ba4 30. Rb1 Rdxd3 31. Rxd3 Rxd3 32. Rb2 Bc6 33. f4
Kf6 34. b5 axb5 35. cxb5 Be8 36. a4 Ra3 37. Rb4 Bg6 38. Kg2 Bc2 39. Rc4 Bxa4
0-1

[Event "DEM U12/U12w 2004"]
[Site "Willingen GER"]
[Date "2004.05.31"]
[Round "3"]
[White "Kamrla, Robin"]
[Black "Spangenberg, Pia"]
[Result "0-1"]
[Termination "normal"]
[Board "29"]
[WhiteElo "1435"]
[BlackElo "1264"]
[PlyCount "120"]
[BlackFideId "4627989"]
[EventCountry "GER"]
[EventRounds "11"]
[EventType "swiss"]
[EventDate "2004.05.29"]

1. e4 e5 2. Nc3 Nf6 3. f4 Nc6 4. fxe5 Nxe5 5. d4 Nc6 6. e5 Ng8 7. Nf3 d6 8. Be2
dxe5 9. dxe5 Qxd1+ 10. Bxd1 Bb4 11. O-O Bxc3 12. bxc3 Nge7 13. Ng5 O-O 14. Ba3
h6 15. Ne4 Re8 16. Bh5 Nxe5 17. Rae1 N7c6 18. Nc5 g6 19. Bf3 Nxf3+ 20. gxf3
Rxe1 21. Rxe1 Bf5 22. Rb1 b6 23. Ne4 Be6 24. c4 Bxc4 25. Nf6+ Kg7 26. Bb2 g5
27. Nd7+ Kg6 28. a3 a6 29. Kf2 Rd8 30. Rd1 Kf5 31. Ke1 Be6 32. Nf6 Rxd1+ 33.
Kxd1 Ne5 34. Ne8 c6 35. Ng7+ Kf6 36. Nxe6 Kxe6 37. Ke2 f5 38. Bd4 c5 39. Bc3 h5
40. Kf2 g4 41. f4 Nf3 42. Kg2 h4 43. h3 b5 44. Kf2 Nd4 45. Ba5 Nxc2 46. Bd8
Nxa3 47. Bxh4 c4 48. Kg3 gxh3 49. Kxh3 c3 50. Be1 c2 51. Bd2 b4 52. Kg3 b3 53.
Bc1 Nc4 54. Kh4 b2 55. Bxb2 Nxb2 56. Kg5 c1=R 57. Kg6 Rg1+ 58. Kh5 Rg4 59. Kh6
Kf6 60. Kh7 Nd3 0-1

[Event "DEM U12/U12w 2004"]
[Site "Willingen GER"]
[Date "2004.05.31"]
[Round "3"]
[White "Wild, Katharina"]
[Black "Gersch, Andre"]
[Result "0-1"]
[Termination "normal"]
[Board "30"]
[WhiteElo "1249"]
[BlackElo "1433"]
[PlyCount "118"]
[WhiteFideId "24678015"]
[EventCountry "GER"]
[EventRounds "11"]
[EventType "swiss"]
[EventDate "2004.05.29"]

1. c4 e6 2. e4 c6 3. Nc3 Bb4 4. d4 Ne7 5. a3 Bxc3+ 6. bxc3 d5 7. exd5 exd5 8.
Nf3 Bg4 9. h3 Bxf3 10. Qxf3 Nd7 11. Rb1 b6 12. Bf4 O-O 13. Bd3 Re8 14. O-O dxc4
15. Bxc4 Rf8 16. Rfe1 b5 17. Bd3 Ng6 18. Bd6 Re8 19. Qxc6 Rc8 20. Qxb5 Rxc3 21.
Bc4 Rxe1+ 22. Rxe1 h6 23. Qb4 Rc2 24. Qb3 Rxf2 25. Kxf2 Qf6+ 26. Kg1 Qxd4+ 27.
Kh1 Qxd6 28. Bxf7+ Kh7 29. Qc2 Ndf8 30. Re8 Qxa3 31. Qf5 Qd6 32. Bxg6+ Nxg6 33.
Re6 Qg3 34. Qf3 Qc7 35. Qd3 Qf7 36. Qe4 a6 37. Rxa6 Qf1+ 38. Kh2 Qxa6 39. h4
Qd6+ 40. g3 Qe5 41. Qxe5 Nxe5 42. g4 Nxg4+ 43. Kh3 Nf6 44. Kg3 Kg6 45. Kf4 Kh5
46. Kg3 Nd7 47. Kh3 Ne5 48. Kg3 Ng6 49. Kh3 Nxh4 50. Kg3 g5 51. Kh3 Nf5 52. Kg2
Kg4 53. Kh2 h5 54. Kg2 Kh4 55. Kh2 g4 56. Kg2 g3 57. Kg1 Kh3 58. Kh1 h4 59. Kg1
g2 0-1

[Event "DEM U12/U12w 2004"]
[Site "Willingen GER"]
[Date "2004.05.31"]
[Round "3"]
[White "Park, Johannes"]
[Black "Wisheckel, Lena"]
[Result "1-0"]
[Termination "normal"]
[Board "31"]
[WhiteElo "1433"]
[BlackElo "1259"]
[PlyCount "85"]
[BlackFideId "24691992"]
[EventCountry "GER"]
[EventRounds "11"]
[EventType "swiss"]
[EventDate "2004.05.29"]

1. d4 d5 2. c4 dxc4 3. Nf3 Nf6 4. e3 g6 5. Bxc4 Bg7 6. O-O O-O 7. Nc3 Bg4 8. h3
Bd7 9. b3 e6 10. Bb2 Bc6 11. Rc1 a6 12. Qe2 b5 13. Bd3 Nd5 14. Nxd5 exd5 15.
Rc5 Re8 16. Qd2 Bf8 17. Rc2 Bb7 18. Rfc1 c6 19. Be2 f6 20. Ne1 Qd6 21. Nd3 Nd7
22. Bg4 f5 23. Bf3 Rac8 24. Bc3 Qe6 25. Bb4 Bg7 26. a4 Ra8 27. Nf4 Qf6 28. Nxd5
cxd5 29. Rc7 Rab8 30. Rxd7 Qe6 31. Rcc7 Bh8 32. Rxb7 Rxb7 33. Rxb7 Qc6 34. Re7
Rc8 35. Bc5 Bf6 36. axb5 axb5 37. Ra7 Bd8 38. b4 Kh8 39. Qa2 Bc7 40. Bxd5 Qe8
41. Ra8 Kg7 42. Rxc8 Qxc8 43. Qa8 1-0

[Event "DEM U12/U12w 2004"]
[Site "Willingen GER"]
[Date "2004.05.31"]
[Round "3"]
[White "Mijatovic, Andrea"]
[Black "Frey, Alisa"]
[Result "1-0"]
[Termination "normal"]
[Board "32"]
[WhiteElo "1422"]
[BlackElo "1233"]
[PlyCount "89"]
[WhiteFideId "14514524"]
[BlackFideId "24634662"]
[EventCountry "GER"]
[EventRounds "11"]
[EventType "swiss"]
[EventDate "2004.05.29"]

1. e4 e5 2. Nf3 Nc6 3. d4 exd4 4. Bc4 Nf6 5. O-O Nxe4 6. Re1 d5 7. Bxd5 Qxd5 8.
Nc3 Qa5 9. Nxe4 Be6 10. Neg5 O-O-O 11. Nxe6 fxe6 12. Rxe6 Bd6 13. b3 Be5 14.
Nxe5 Nxe5 15. Qe2 Ng6 16. Qg4 Kb8 17. Bb2 Qd2 18. Re2 Qf4 19. Qxf4 Nxf4 20. Re4
Rhf8 21. Rae1 d3 22. c4 d2 23. Rd1 Nd3 24. Bd4 c5 25. Rxd2 Rxd4 26. Rxd4 cxd4
27. Rxd3 Rd8 28. Kf1 Kc7 29. Ke2 Kc6 30. Kf3 Kc5 31. Ke4 Re8+ 32. Kf3 a6 33. h3
b5 34. cxb5 axb5 35. g4 Rf8+ 36. Kg3 Re8 37. Rd2 Rd8 38. f4 Kb4 39. Kf3 Kc3 40.
Ke2 d3+ 41. Kd1 Re8 42. Rf2 b4 43. f5 Re3 44. Rh2 Rf3 45. Ke1 1-0

[Event "DEM U12/U12w 2004"]
[Site "Willingen GER"]
[Date "2004.05.31"]
[Round "3"]
[White "Falke, Cynthia"]
[Black "Sharikow, Alexej"]
[Result "0-1"]
[Termination "normal"]
[Board "33"]
[WhiteElo "1197"]
[BlackElo "1420"]
[PlyCount "84"]
[WhiteFideId "24600644"]
[EventCountry "GER"]
[EventRounds "11"]
[EventType "swiss"]
[EventDate "2004.05.29"]

1. e4 e5 2. Nf3 Nc6 3. Bc4 Bc5 4. Nc3 Nf6 5. d3 h6 6. Be3 Bb6 7. Qd2 d6 8.
O-O-O Bg4 9. h3 Bxf3 10. gxf3 Qd7 11. f4 g6 12. Rdg1 Nd4 13. Bxd4 Bxd4 14. Bd5
c6 15. Bb3 exf4 16. Qxf4 Bxc3 17. bxc3 Nh5 18. Qe3 a5 19. a3 a4 20. Ba2 Ng7 21.
e5 Nf5 22. Qe4 d5 23. Qe2 d4 24. e6 fxe6 25. Bxe6 Qe7 26. Re1 Qxa3+ 27. Kb1
dxc3 28. Bxf5+ Kd8 29. Qe7+ Qxe7 30. Rxe7 Kxe7 31. Bxg6 Raf8 32. Rf1 Rhg8 33.
Ka2 Rxg6 34. Re1+ Re6 35. Rf1 Re2 36. Ka3 b5 37. Kb4 Rxc2 38. Kc5 Kd7 39. f3 a3
40. Kd4 a2 41. Ke4 Ra8 42. Ra1 Rb2 0-1

[Event "DEM U12/U12w 2004"]
[Site "Willingen GER"]
[Date "2004.05.31"]
[Round "3"]
[White "Cornish, Alexander"]
[Black "Schnieber, Jacqueline"]
[Result "1-0"]
[Termination "normal"]
[Board "34"]
[WhiteElo "1404"]
[BlackElo "1140"]
[PlyCount "131"]
[EventCountry "GER"]
[EventRounds "11"]
[EventType "swiss"]
[EventDate "2004.05.29"]

1. e4 e5 2. Nf3 Nc6 3. Bc4 Bc5 4. d3 Nf6 5. Nc3 d6 6. h3 Be6 7. Bb3 Qe7 8. Bg5
h6 9. Bh4 g5 10. Bg3 O-O-O 11. Na4 d5 12. exd5 Bxd5 13. O-O Bxb3 14. axb3 e4
15. Re1 Qf8 16. Ne5 exd3 17. cxd3 Nxe5 18. Bxe5 Bd4 19. Qf3 Bxe5 20. Rxe5 Qd6
21. Rf5 Ne8 22. Rxf7 Qxd3 23. Qxd3 Rxd3 24. Nc3 Nd6 25. Rf6 a6 26. h4 g4 27. h5
Rd2 28. Rb1 b5 29. Kf1 Rd4 30. Rc1 Kd7 31. Rg6 Nf5 32. Rxa6 c6 33. Ne2 Rd3 34.
Raxc6 g3 35. Rc7+ Kd6 36. R1c6+ Kd5 37. Nf4+ Ke4 38. Nxd3 Kxd3 39. Rc3+ Kd4 40.
Rd7+ Ke5 41. Rc5+ Ke6 42. Rdd5 Rf8 43. Re5+ Kd6 44. Rxf5 Re8 45. Rfd5+ Ke6 46.
Re5+ Kd7 47. Rxe8 Kxe8 48. Rxb5 Kd7 49. f4 Ke6 50. Ke2 Kf6 51. Kf3 Ke6 52. f5+
Kf6 53. Kxg3 Ke7 54. Kf4 Kf7 55. Rb6 Kg7 56. Rg6+ Kf7 57. Rxh6 Kg7 58. Kg5 Kf7
59. b4 Kg7 60. b5 Kf7 61. b6 Ke7 62. b7 Kf7 63. b8=Q Ke7 64. Qd6+ Ke8 65. Qc7
Kf8 66. Rh8# 1-0

[Event "DEM U12/U12w 2004"]
[Site "Willingen GER"]
[Date "2004.05.31"]
[Round "3"]
[White "Mohr, Fides"]
[Black "Hort, Maria"]
[Result "1-0"]
[Termination "normal"]
[Board "35"]
[WhiteElo "1389"]
[BlackElo "1082"]
[PlyCount "155"]
[EventCountry "GER"]
[EventRounds "11"]
[EventType "swiss"]
[EventDate "2004.05.29"]

1. d4 c6 2. c4 d5 3. Nc3 Nf6 4. cxd5 cxd5 5. Bg5 Bf5 6. e3 e6 7. Bb5+ Nc6 8.
Qa4 Qc7 9. Bxf6 gxf6 10. Rc1 a6 11. Bxc6+ Qxc6 12. Qxc6+ bxc6 13. a3 Rb8 14. g3
Bd6 15. Na4 Rc8 16. Kd2 e5 17. Ne2 Ke7 18. Rc3 Rc7 19. Rhc1 Bd7 20. Nb6 Rb8 21.
Nxd5+ cxd5 22. Rxc7 Bxc7 23. Rxc7 Rxb2+ 24. Rc2 Rxc2+ 25. Kxc2 Ba4+ 26. Kb2 Kd6
27. Nc3 Bb5 28. Nxb5+ axb5 29. Kc3 Kc6 30. Kb4 h5 31. h3 Kb6 32. f3 Kc6 33. a4
bxa4 34. Kxa4 Kd6 35. Kb4 Kc6 36. h4 Kd6 37. g4 hxg4 38. fxg4 Ke7 39. Kc5 f5
40. gxf5 Kf6 41. Kxd5 exd4 42. exd4 Kxf5 43. h5 Kg5 44. Ke5 f6+ 45. Ke6 f5 46.
h6 Kxh6 47. Kxf5 Kg7 48. Ke6 Kf8 49. Kd7 Kf7 50. Kc7 Ke6 51. Kc6 Ke7 52. d5 Kd8
53. Kd6 Kc8 54. Ke7 Kc7 55. d6+ Kc6 56. d7 Kd5 57. d8=R+ Ke4 58. Rd6 Ke5 59.
Ra6 Kd5 60. Rh6 Ke5 61. Rh5+ Kd4 62. Ke6 Ke4 63. Rh4+ Kd3 64. Ke5 Kc3 65. Kd5
Kd3 66. Rh3+ Ke2 67. Kd4 Kf2 68. Ke4 Kg2 69. Rb3 Kf2 70. Ra3 Kg2 71. Kf4 Kf1
72. Ra2 Ke1 73. Rh2 Kd1 74. Ke3 Kc1 75. Kd3 Kb1 76. Kc3 Ka1 77. Kb3 Kb1 78.
Rh1# 1-0

[Event "DEM U12/U12w 2004"]
[Site "Willingen GER"]
[Date "2004.05.31"]
[Round "3"]
[White "Eckoldt, Katja"]
[Black "Oltzen, Samuel"]
[Result "0-1"]
[Termination "normal"]
[Board "36"]
[WhiteElo "1056"]
[BlackElo "1389"]
[PlyCount "100"]
[EventCountry "GER"]
[EventRounds "11"]
[EventType "swiss"]
[EventDate "2004.05.29"]

1. e4 e5 2. Nf3 Nc6 3. d4 exd4 4. Nxd4 Qh4 5. Be2 Bc5 6. Be3 Qxe4 7. Bf3 Qe5 8.
c3 Nge7 9. Nc2 Bxe3 10. Nxe3 O-O 11. O-O d6 12. Re1 Qg5 13. Nd5 Nxd5 14. Qxd5
Qxd5 15. Bxd5 Bf5 16. Nd2 Rae8 17. b4 a6 18. a4 Be6 19. Bxe6 Rxe6 20. Rxe6 fxe6
21. b5 axb5 22. axb5 Ne5 23. Ra7 Rb8 24. Ne4 h6 25. b6 cxb6 26. Nxd6 Rd8 27.
Rxb7 Rxd6 28. g3 Nf3+ 29. Kg2 Nd2 30. f4 Nb1 31. c4 Nd2 32. Rb8+ Kh7 33. Rc8
Rd4 34. Rc6 Nxc4 35. Rxe6 b5 36. Kf2 Rd6 37. Rxd6 Nxd6 38. Ke3 Kg6 39. Kd4 Kf5
40. Kc5 Ke6 41. g4 g6 42. h4 h5 43. g5 Kf5 44. Kxd6 b4 45. Ke7 b3 46. Kf7 b2
47. Kg7 b1=Q 48. Kh7 Qb4 49. Kg7 Qxf4 50. Kh6 Qxg5+ 0-1

[Event "DEM U12/U12w 2004"]
[Site "Willingen GER"]
[Date "2004.05.31"]
[Round "3"]
[White "Jung, Gerhard"]
[Black "Khitov, Roman"]
[Result "1-0"]
[Termination "normal"]
[Board "37"]
[WhiteElo "1386"]
[BlackElo "957"]
[PlyCount "113"]
[WhiteFideId "24629812"]
[EventCountry "GER"]
[EventRounds "11"]
[EventType "swiss"]
[EventDate "2004.05.29"]

1. e4 d5 2. exd5 Nf6 3. Bb5+ Bd7 4. Be2 Nxd5 5. d4 e6 6. Nf3 Bd6 7. c4 Nf6 8.
Bg5 h6 9. Bh4 Nc6 10. Nc3 Be7 11. Bg3 Bb4 12. O-O Bxc3 13. bxc3 O-O 14. d5 Ne7
15. d6 cxd6 16. Bxd6 Re8 17. Be5 Bc6 18. Nd4 Nd7 19. Nxc6 Nxc6 20. Bf4 Nf6 21.
Bd3 e5 22. Bg3 e4 23. Bc2 Qxd1 24. Raxd1 Ne5 25. Bxe5 Rxe5 26. f3 exf3 27. Rxf3
Rae8 28. Rfd3 Re1+ 29. Rxe1 Rxe1+ 30. Kf2 Re8 31. h3 Ne4+ 32. Kg1 g5 33. Ba4
Re7 34. Bc2 Nc5 35. Rd8+ Kg7 36. Kf2 Ne4+ 37. Bxe4 Rxe4 38. Rd4 Re8 39. Rd7 Rc8
40. Rxb7 Rxc4 41. Rxa7 Rxc3 42. a4 Kf6 43. a5 Ra3 44. a6 Ke6 45. Ra8 Kd7 46. a7
Kc7 47. Rf8 Rxa7 48. Rxf7+ Kb8 49. Rxa7 Kxa7 50. Kg3 Kb7 51. Kg4 Kc7 52. Kh5
Kd6 53. Kxh6 Ke6 54. Kxg5 Kf7 55. g4 Kg7 56. h4 Kh7 57. Kf6 1-0

[Event "DEM U12/U12w 2004"]
[Site "Willingen GER"]
[Date "2004.05.31"]
[Round "3"]
[White "Dürre, Gregor"]
[Black "Bochis, Julia"]
[Result "0-1"]
[Termination "normal"]
[Board "38"]
[WhiteElo "1370"]
[BlackElo "1261"]
[PlyCount "110"]
[BlackFideId "24647276"]
[EventCountry "GER"]
[EventRounds "11"]
[EventType "swiss"]
[EventDate "2004.05.29"]

1. e4 d5 2. exd5 Nf6 3. d4 Nxd5 4. Bc4 c6 5. Nf3 Bg4 6. Be3 e6 7. Nc3 Bb4 8.
Bd2 O-O 9. Bxd5 cxd5 10. O-O Nc6 11. Re1 Nxd4 12. Be3 Nxf3+ 13. gxf3 Bh3 14.
Kh1 Be7 15. Rg1 Bf6 16. Rg3 Bf5 17. Ne2 Bg6 18. c3 Bh4 19. Rg1 Re8 20. Qd2 Bh5
21. h3 Bxf3+ 22. Kh2 Bh5 23. Nf4 Bg6 24. Ng2 Bf6 25. Nf4 Qd6 26. f3 Be5 27. Kh1
Bxf4 28. Bxf4 e5 29. Bh2 Qe6 30. Rg3 e4 31. Re1 Rad8 32. Re3 Qf6 33. Qe2 Bh5
34. Kg1 Rf8 35. Qf2 exf3 36. h4 h6 37. Rexf3 Bxf3 38. Rxf3 Qc6 39. Qg2 Qg6 40.
Rg3 Qb1+ 41. Kf2 Qc2+ 42. Kf1 Qxg2+ 43. Rxg2 Rfe8 44. Bf4 Kh7 45. Kg1 Re1+ 46.
Kh2 Re4 47. Kg3 Rde8 48. Kf3 R8e7 49. Bd2 R7e6 50. Rh2 Rf6+ 51. Kg3 Re5 52. b3
Ref5 53. Be1 Rg6+ 54. Kh3 Rf3+ 55. Bg3 Rfxg3# 0-1

[Event "DEM U12/U12w 2004"]
[Site "Willingen GER"]
[Date "2004.05.31"]
[Round "3"]
[White "Müller, Anna-Louise"]
[Black "Aslan, Benjamin"]
[Result "1-0"]
[Termination "normal"]
[Board "40"]
[WhiteElo "1349"]
[BlackElo "1232"]
[PlyCount "115"]
[WhiteFideId "4633512"]
[BlackFideId "24640298"]
[EventCountry "GER"]
[EventRounds "11"]
[EventType "swiss"]
[EventDate "2004.05.29"]

1. e4 e5 2. Nf3 Nc6 3. Nc3 Nf6 4. d4 exd4 5. Nxd4 Bb4 6. Bg5 O-O 7. Nxc6 bxc6
8. e5 Re8 9. f4 d6 10. Be2 dxe5 11. Qxd8 Rxd8 12. fxe5 Ne4 13. Bxd8 Nxc3 14.
Bxc7 Nd5+ 15. c3 Nxc3 16. a3 Nb5+ 17. Kd1 Bxa3 18. bxa3 Nxc7 19. Rc1 Bb7 20.
Bf3 Nd5 21. Bxd5 cxd5 22. Rc7 Ba6 23. Rd7 Bc4 24. Re1 Rb8 25. Kc1 Rc8 26. Kd2
a6 27. Rb1 g6 28. Rbb7 Rf8 29. e6 Bb5 30. exf7+ Kg7 31. Rxd5 Bc6 32. Rdd7 Bxb7
33. Rxb7 Rxf7 34. Rxf7+ Kxf7 35. Kc3 Ke6 36. Kc4 Kd6 37. Kb4 Kc6 38. Ka5 Kb7
39. Kb4 Kb6 40. a4 a5+ 41. Kc4 Kc6 42. h3 g5 43. Kd4 h6 44. g3 Kd6 45. g4 Kc6
46. Kc4 Kd6 47. Kb5 Ke5 48. Kxa5 Kf4 49. Kb4 Kg3 50. a5 Kxh3 51. a6 Kxg4 52. a7
h5 53. a8=Q h4 54. Qg2+ Kf4 55. Kc3 g4 56. Kd2 h3 57. Qh2+ Kg5 58. Ke3 1-0

[Event "DEM U12/U12w 2004"]
[Site "Willingen GER"]
[Date "2004.05.31"]
[Round "3"]
[White "Dietrich, Stefan"]
[Black "Hinz, Arne"]
[Result "1/2-1/2"]
[Termination "normal"]
[Board "41"]
[WhiteElo "1176"]
[BlackElo "1524"]
[PlyCount "25"]
[BlackFideId "24634875"]
[EventCountry "GER"]
[EventRounds "11"]
[EventType "swiss"]
[EventDate "2004.05.29"]

1. e4 e5 2. Nf3 Nf6 3. Nc3 Nc6 4. d4 exd4 5. Nxd4 d6 6. Be2 Be7 7. O-O O-O 8.
Be3 Nxd4 9. Bxd4 Nd7 10. Nd5 Nb6 11. Nxe7+ Qxe7 12. Bd3 Be6 13. b3 1/2-1/2

[Event "DEM U12/U12w 2004"]
[Site "Willingen GER"]
[Date "2004.05.31"]
[Round "3"]
[White "Mätzig, Lara Annabelle"]
[Black "Günnigmann, Manuel"]
[Result "1/2-1/2"]
[Termination "normal"]
[Board "42"]
[WhiteElo "1136"]
[BlackElo "1383"]
[PlyCount "52"]
[BlackFideId "24640360"]
[EventCountry "GER"]
[EventRounds "11"]
[EventType "swiss"]
[EventDate "2004.05.29"]

1. e4 c5 2. Nf3 d6 3. d4 cxd4 4. Nxd4 Nf6 5. Nc3 e6 6. Bd3 Nc6 7. Nf3 a6 8. Bg5
Be7 9. Bxf6 Bxf6 10. Qd2 O-O 11. O-O Qc7 12. Rab1 b5 13. a3 Bb7 14. Rfe1 Ne5
15. Nxe5 Bxe5 16. Ne2 h6 17. Ng3 d5 18. exd5 Bxd5 19. Be4 Bxe4 20. Rxe4 Bxg3
21. hxg3 Rfd8 22. Qe2 Qd6 23. Qf3 Qd5 24. Qe3 Qd2 25. Qxd2 Rxd2 26. c4 Rb8
1/2-1/2

[Event "DEM U12/U12w 2004"]
[Site "Willingen GER"]
[Date "2004.05.31"]
[Round "3"]
[White "Kopp, Nico"]
[Black "Dannhorn, Anna"]
[Result "1-0"]
[Termination "normal"]
[Board "43"]
[WhiteElo "1336"]
[BlackElo "1085"]
[PlyCount "107"]
[WhiteFideId "24608092"]
[EventCountry "GER"]
[EventRounds "11"]
[EventType "swiss"]
[EventDate "2004.05.29"]

1. e4 e5 2. Nf3 Nc6 3. d4 exd4 4. Nxd4 Bc5 5. Be3 Qf6 6. c3 Nge7 7. Bc4 O-O 8.
O-O d6 9. Nxc6 Nxc6 10. Bxc5 dxc5 11. f4 Qe7 12. Nd2 Rb8 13. a4 b6 14. Nf3 Bb7
15. e5 Kh8 16. Qd3 Rfd8 17. Bd5 f6 18. exf6 Qxf6 19. Ng5 g6 20. Qh3 h5 21. Nf7+
Kh7 22. Nxd8 Rxd8 23. Rad1 Bc8 24. Qe3 Ne7 25. Be4 Re8 26. Qd3 Ng8 27. Rfe1 Rf8
28. Rf1 Kh8 29. Bxg6 Qc6 30. Bxh5 Nf6 31. Bf3 Qe6 32. Rfe1 Qf7 33. Re5 Qg7 34.
Rg5 Qe7 35. Qg6 Rg8 36. Qh6+ Nh7 37. Rxg8+ Kxg8 38. Bd5+ Kh8 39. Be4 Kg8 40.
Qxh7+ Qxh7 41. Rd8+ Kg7 42. Bxh7 Kxh7 43. Rxc8 a6 44. Rxc7+ Kh8 45. f5 Kg8 46.
f6 b5 47. axb5 axb5 48. Kf2 b4 49. cxb4 cxb4 50. Kf3 b3 51. Kg4 Kh8 52. Kg5 Kg8
53. Kg6 Kh8 54. Rc8# 1-0